000 00740nam a22002177a 4500
003 OSt
005 20260423010124.0
008 240627b |||||||| |||| 00| 0 eng d
020 _a9780805861228
040 _aDWCL-Main Lib.
_cOC
082 _aCirc. 616.8914 G775 2007
100 _aGrawe, Klause
245 _aNeuropsychotherapy :
_bhow the neurosciences inform effective psychotherapy /
_cKlause Grawe
260 _aMadison Avenue New York :
_bTaylor and Francis Group,
_cc2007.
300 _axxiii, 479 pages :
_billustrations ;
_c24cm.
504 _aIncludes bibliographical references and index.
650 _a1. Psychotherapy.
650 _a2. Neurobiology.
650 _a3. Neuropsychology.
942 _2ddc
_cBK-CIRC
_kCirc.
_n0
999 _c1443
_d1443